书目信息 |
| 题名: |
媒介管理学
|
|
| 作者: | 邵培仁 主编 | |
| 分册: | ||
| 出版信息: | 高教 2002.08 |
|
| 页数: | 457页 | |
| 开本: | 24cm | |
| 丛书名: | ||
| 单 册: | ||
| 中图分类: | G206.2 | |
| 科图分类: | ||
| 主题词: | 信息论 , 传播学 | |
| 电子资源: | ||
| ISBN: | 978-7-04-010698-5 | |
| 000 | 00622nam0 2200241 45 | |
| 001 | 0960908094 | |
| 005 | 20091026165609.11 | |
| 010 | @a978-7-04-010698-5@dCNY33.30 | |
| 100 | @a20090515d2002 ekmy0 y0120 ea | |
| 102 | @aCN@b130000 | |
| 102 | @aCN@b110000 | |
| 105 | @ay z 000yy | |
| 200 | 1 | @a媒介管理学@f邵培仁主编@Fshao pei ren zhu bian |
| 210 | @c高教@d2002.08 | |
| 210 | @a北京@c高等教育出版社 | |
| 215 | @a457页@d24cm | |
| 606 | 0 | @a信息论 |
| 606 | 0 | @a传播学 |
| 690 | @aG206.2@v4 | |
| 701 | 0 | @a邵培仁@Ashao pei ren@4主编 |
| 801 | 0 | @aCN@c20091026 |
| 905 | @a10447@dG206.2@eS334 | |
| 906 | @d33@n3@r1 | |
| 媒介管理学/邵培仁主编.-高教,2002.08.-北京:高等教育出版社 |
| 457页;24cm |
| ISBN 978-7-04-010698-5:CNY33.30 |
| ● |
| 相关链接 |
|
|
|
正题名:媒介管理学
索取号:G206.2/S334
 
预约/预借
| 序号 | 登录号 | 条形码 | 馆藏地/架位号 | 状态 | 备注 |
| 1 | 891761 | 208917617 | 社科库409/422社科库 43排3列5层/ [索取号:G206.2/S334] | 在馆 | |
| 2 | 891762 | 208917626 | 社科库409/409社科库 57排3列3层/ [索取号:G206.2/S334] | 在馆 | |
| 3 | 891763 | 208917635 | 社科库409/409社科库 99排1列3层/ [索取号:G206.2/S334] | 在馆 |